It looks like you're offline.
Open Library logo
additional options menu

MARC record from Internet Archive

LEADER: 01362nam a22003853u 4500
001 005704493
003 MiU
005 20081002092652.0
006 m d
007 cr |n|||||||||
008 070420s2006 gw s 0 eng d
020 $a9783790816754 (print)
020 $a9783790816761 (ebook)
035 $a(Springer)spr 978-3-7908-1676-1
040 $aGW5XE$cGW5XE$dMiU
100 1 $aMattil, Birgit.
245 10 $aPension Systems$h[electronic resource] :$bSustainability and Distributional Effects in Germany and the United Kingdom /$cby Birgit Mattil.
260 $aHeidelberg :$bPhysica-Verlag Heidelberg,$c2006.
490 0 $aContributions to Economics,$x1431-1933
650 0 $aAging$xResearch.
650 0 $aDemography.
650 0 $aEconomics.
650 0 $aFinance.
650 0 $aPopulation.
650 0 $aSocial policy.
710 2 $aSpringerLink (Online service)
856 40 $zAccess to the SpringerLink online version restricted; authentication may be required:$uhttp://dx.doi.org/10.1007/3-7908-1676-0
852 6 $aMiU$bELEC$hSee URL for access
970 $aBK$bBook
971 $aMiU
972 $c20080604
973 $aAO$bavail_online
997 $aMARS
998 $cspringer-dld ERLoadretro998
969 88 $aour former vendor 035 before vendor remapped unique ids/001s Jan 2012$b(Springer)spr 978-3-7908-1675-4